[Event "White Nights op"]
[Site "St Petersburg"]
[Date "1998.06.20"]
[Round "1"]
[White "Afonin, Alexey"]
[Black "Klimov, Sergey"]
[Result "0-1"]
[WhiteElo "2190"]
[BlackElo "2365"]

1.e4 c5 2.c3 Nf6 3.e5 Nd5 4.d4 cxd4 5.Nf3 e6 6.cxd4 d6 7.Bc4 Nc6 8.O-O Nb6
9.Bb5 Bd7 10.Nc3 a6 11.Bd3 Nb4 12.Bg5 Qc7 13.Rc1 Nxd3 14.Qxd3 Qc4 15.Rfd1 Qxd3
16.Rxd3 Bc6 17.Bf4 Rd8 18.exd6 Bxd6 19.Bxd6 Rxd6 20.Ne5 Ke7 21.Nxc6+ Rxc6
22.Kf1 Rd8 23.Ne2 Rxc1+ 24.Nxc1 Nc4 25.Ke2 b5 26.b3 Nb6 27.Kd2 Nd5 28.Rg3 g6
29.Nd3 a5 30.Rh3 Nf6 31.Rh4 g5 32.Rh3 Rxd4 33.Re3 Ng4 34.Rf3 Ne5 35.Re3 Kd6
36.Rxe5 Rxd3+ 37.Kxd3 Kxe5  0-1

[Event "White Nights op"]
[Site "St Petersburg"]
[Date "1998.06.21"]
[Round "2"]
[White "Sivokho, Sergey"]
[Black "Kostyuchenko, Vladimir"]
[Result "1/2-1/2"]
[WhiteElo "2425"]
[BlackElo "2300"]

1.e4 c5 2.c3 Nf6 3.e5 Nd5 4.d4 cxd4 5.Nf3 Nc6 6.Bc4 Nb6 7.Bb3 d5 8.exd6 Qxd6
9.O-O Bf5 10.Nxd4 Nxd4 11.cxd4 e6 12.Nc3 Be7 13.Qf3 O-O 14.Qxb7 Rfb8 15.Qf3 Qxd4
16.h3 Rd8 17.Bf4 Bd6 18.Bxd6 Qxd6 19.Rfd1 Qe7 20.Nb5 h6 21.Nd4 Bg6 22.Nc6 Rxd1+
23.Rxd1 Qc5 24.Re1 Nd5 25.Ne5 Rf8 26.Nd7 Qb4 27.Rd1 Rc8 28.Ne5 Qf4 29.Nxg6 Qxf3
30.gxf3 fxg6 31.Bxd5 exd5 32.Rxd5 Rc2 33.Rb5 g5 34.a4 a5 35.Kg2 Kf7 36.f4 gxf4
37.Rxa5 Rxb2 38.Rf5+ Kg6 39.Rxf4 Ra2 40.h4 Kh5 41.Kg3 g5 42.hxg5 hxg5 43.Rb4 Ra3+
44.f3 Ra2 45.Rc4 Kg6 46.Rc6+ Kh5 47.Ra6 Ra3 48.Ra8 Ra2 49.Ra6 Ra3 50.Ra5 Rc3
51.Kf2 Kh4 52.Ra8 Rc2+ 53.Ke3 Kg3 54.Rg8 Rc5 55.f4 g4 56.Rd8 Kg2 57.Ke4 Rc4+
58.Kf5 g3 59.Kg4 Rc3 60.a5 Kg1 61.a6 Ra3 62.Rb8 Kh2 63.Rh8+ Kg2 64.Rh3 Kf2
65.Kh4 g2 66.Rxa3 g1=Q 67.a7 Qh1+ 68.Kg5 Qd5+ 69.f5 Qg8+ 70.Kh5 Qf7+ 71.Kg4 Qg7+
72.Kh5 Qf7+ 73.Kg4 Qg7+ 74.Kf4 Qd4+ 75.Kg5 Qg7+ 76.Kf4 Qd4+ 77.Kg5 Qg7+ 78.Kh5 Qf7+
79.Kg4 Qg7+ 80.Kh5 Qf7+ 81.Kg5 Qg7+ 82.Kh5 Qf7+  1/2-1/2

[Event "White Nights op"]
[Site "St Petersburg"]
[Date "1998.06.23"]
[Round "4"]
[White "Potkin, Vladimir"]
[Black "Novikov, Mikhail V"]
[Result "1/2-1/2"]
[WhiteElo "2295"]
[BlackElo "2325"]

1.e4 c5 2.c3 Nf6 3.e5 Nd5 4.d4 cxd4 5.Nf3 Nc6 6.cxd4 d6 7.Bc4 e6 8.O-O Nb6
9.Bb5 Bd7 10.Bg5 Be7 11.Bxe7 Qxe7 12.Nc3 O-O 13.a3 Rfd8 14.Qe2 dxe5 15.dxe5 Na5
16.Bd3 Bc6 17.Rad1 Nd5 18.Qe4 g6 19.Nxd5 Bxd5 20.Qf4 Bxf3 21.Qxf3 Nc6 22.Qe3 Rd5
23.f4 Rad8 24.Bc2 Nd4 25.Be4 Nf5 26.Qf3 Rxd1 27.Rxd1 b6 28.Bxf5 exf5 29.h3 Qc5+
30.Kh2 Rd4 31.b4 Qc4 32.Rxd4 Qxd4 33.g4 fxg4 34.hxg4 Kg7 35.g5 a5 36.bxa5 bxa5
37.Kg2 a4 38.Kg3 Qg1+ 39.Qg2 Qb1 40.Qc6 Qb3+ 41.Kg4 h5+ 42.gxh6+ Kxh6 43.Qf6 Qd1+
44.Kh4  1/2-1/2

[Event "White Nights op"]
[Site "St Petersburg"]
[Date "1998.06.27"]
[Round "8"]
[White "Sivokho, Sergey"]
[Black "Karasev, Vladimir I"]
[Result "0-1"]
[WhiteElo "2425"]
[BlackElo "2370"]

1.e4 c5 2.c3 Nf6 3.e5 Nd5 4.d4 cxd4 5.Nf3 e6 6.cxd4 d6 7.a3 Be7 8.Bd3 Nc6
9.O-O h6 10.Re1 g5 11.Nc3 Nxc3 12.bxc3 d5 13.Nd2 Bd7 14.Nf1 Na5 15.Ne3 Qc7
16.Bd2 h5 17.Rf1 O-O-O 18.Be2 f5 19.c4 Nxc4 20.Nxc4 dxc4 21.Bxc4 Kb8 22.Qb3 Bc6
23.Rfc1 Rxd4 24.Be1 Rg4 25.Bf1 Qd7 26.f3 Rd4 27.Bf2 Rc8 28.Bc4 Ba4 29.Qa2 Rd2
30.Qb1 Rxf2 31.Kxf2 Qd4+ 32.Kf1 Rxc4 33.Rxc4 Qxc4+ 34.Kg1 Qd4+ 35.Kh1 Qxe5
36.Qf1 Bd6 37.Qg1 g4 38.Re1 Qd5 39.Qe3 gxf3 40.gxf3 Bc6 41.Kg2 f4 42.Qc3 e5
43.Re2 h4 44.Rd2 Qg8+ 45.Kf2 Bc7 46.Qb4 h3 47.Ke2 Qg2+ 48.Kd1 Qxf3+ 49.Kc1 a5
50.Qc5 b6 51.Qc4 Qxa3+ 52.Rb2 Kb7 53.Kb1 e4 54.Rb3 Qd6 55.Rxh3 Qd1+ 56.Qc1 Qxc1+
57.Kxc1 e3 58.Rh7 f3  0-1

[Event "White Nights op"]
[Site "St Petersburg"]
[Date "1998.06.27"]
[Round "8"]
[White "Potkin, Alexey V"]
[Black "Kharitonov, Sergei"]
[Result "1-0"]
[WhiteElo "2335"]
[BlackElo "2125"]

1.e4 c5 2.c3 Nf6 3.e5 Nd5 4.d4 cxd4 5.cxd4 Nc6 6.Nf3 d6 7.Bc4 Nb6 8.Bb5 dxe5
9.Nxe5 Bd7 10.Nxd7 Qxd7 11.Nc3 e6 12.O-O a6 13.Bxc6 bxc6 14.Qg4 f5 15.Qe2 g6
16.Re1 Kf7 17.Bf4 Be7 18.Rac1 Rhc8 19.Rc2 Nd5 20.Be5 c5 21.dxc5 Nxc3 22.Rxc3 Rxc5
23.Rxc5 Bxc5 24.Bc3 Qd6 25.Rd1 Qc7 26.Qd2 Qe7 27.g3 Rc8 28.Qe2 Rc6 29.Qe5 Rd6
30.Re1 Rd5 31.Qh8 h5 32.Qh7+ Kf8 33.Qxg6 Rd6 34.Qxh5 Qf7 35.Qh8+ Ke7 36.Qc8 Bb6
37.Bb4  1-0

[Event "White Nights op"]
[Site "St Petersburg"]
[Date "1998.06.27"]
[Round "8"]
[White "Medvedkov, Anton"]
[Black "Kostyuchenko, Vladimir"]
[Result "1-0"]
[WhiteElo "2200"]
[BlackElo "2300"]

1.e4 c5 2.c3 Nf6 3.e5 Nd5 4.d4 cxd4 5.Nf3 Nc6 6.cxd4 d6 7.Bc4 Nb6 8.Bb3 dxe5
9.d5 Na5 10.Nc3 Nxb3 11.Qxb3 f6 12.O-O g6 13.Be3 Kf7 14.Rad1 Kg7 15.Ne4 h5
16.Nc5 Kh7 17.a4 Bh6 18.Ne6 Qd7 19.Bxh6 Kxh6 20.a5 Na4 21.Qe3+ Kh7 22.Nxe5 fxe5
23.Qxe5 Rg8 24.b3 b6 25.bxa4 bxa5 26.Rfe1 Qxa4 27.Ng5+ Kh6 28.Qxe7 Rg7 29.Qe3 Rg8
30.d6 Bg4 31.f3 Bf5 32.Ra1 Qb4 33.Nf7+ Kg7 34.Qe5+ Kh7 35.Ng5+ Kh6 36.Nf7+ Kh7
37.Qxa5 Qd4+ 38.Kh1 Kg7 39.Ng5 Rgc8 40.Qxf5  1-0

[Event "White Nights"]
[Site "St Petersburg"]
[Date "1998.06.28"]
[Round "9"]
[White "Milton, Sergei"]
[Black "Taimanov, Mark E"]
[Result "1/2-1/2"]
[WhiteElo "2315"]
[BlackElo "2490"]

1.e4 c5 2.c3 Nf6 3.e5 Nd5 4.d4 cxd4 5.cxd4 e6 6.Nf3 b6 7.Nc3 Nxc3 8.bxc3 Be7
9.Bd3 Ba6 10.O-O Bxd3 11.Qxd3 O-O 12.Bf4 Nc6 13.d5 exd5 14.Qxd5 Rc8 15.Rad1 Nb8
16.Rd3 Qc7 17.Nd4 Qc4 18.Nf5 Rfe8 19.Qf3 Qe6 20.Qg4 Bf8 21.Rd6 Qc4 22.Rfd1 Kh8
23.R6d3 Re6 24.Ne3  1/2-1/2

[Event "RUS-Cup06"]
[Site "Nizhnij Novgorod"]
[Date "1998.06.29"]
[Round "1"]
[White "Vifleemskaia, Svetlana"]
[Black "Vaulin, Alexander"]
[Result "0-1"]
[WhiteElo "2240"]
[BlackElo "2535"]

1.e4 c5 2.c3 Nf6 3.e5 Nd5 4.d4 cxd4 5.Nf3 e6 6.cxd4 d6 7.Bd3 Nb4 8.Be2 dxe5
9.dxe5 Qxd1+ 10.Kxd1 Bc5 11.a3 N4c6 12.Be3 Bxe3 13.fxe3 Ke7 14.Nbd2 Nd7 15.Nc4 b5
16.Nd6 a6 17.a4 Ncxe5 18.Nxc8+ Rhxc8 19.Nxe5 Nxe5 20.axb5 axb5 21.Rxa8 Rxa8
22.Kc2 Rc8+ 23.Kb3 Nc4 24.g3 f5 25.Bd3 Kf6 26.Kb4 Nxe3 27.Bxb5 Nd5+ 28.Ka3 Ra8+
29.Ba4 g5 30.h4 h6 31.hxg5+ hxg5 32.Kb3 f4 33.gxf4 gxf4 34.Rh6+ Ke5 35.Bc6 Rb8+
36.Kc4 Rxb2 37.Bxd5 exd5+ 38.Kc3 Re2 39.Kd3 f3 40.Rh5+ Kf4 41.Rxd5 Re1  0-1

[Event "SVK-ch"]
[Site "Prievidza"]
[Date "1998.06.29"]
[Round "3.59"]
[White "Kajan, Milan"]
[Black "Janik, Miroslav"]
[Result "1/2-1/2"]
[WhiteElo "1813"]
[BlackElo "1968"]

1.e4 c5 2.c3 Nf6 3.e5 Nd5 4.d4 cxd4 5.cxd4 d6 6.Nf3 e6 7.Bc4 Nb6 8.Bb5+ Bd7
9.Nc3 d5 10.O-O Be7 11.Bf4 Bxb5 12.Nxb5 a6 13.Nd6+ Bxd6 14.exd6 Nc4 15.Qb3 b6
16.Qa4+ b5 17.Qb4 O-O 18.b3 a5 19.Qc5 Na6 20.Qc6 Nb4 21.Qc5 Nd3 22.Qxb5 Nxf4
23.bxc4 dxc4 24.g3 Ng6 25.d7 Ra7 26.Rac1 Qxd7 27.Qxd7 Rxd7 28.Rxc4 Rd5 29.Rfc1 Rfd8
30.Rc7 Kf8 31.Ra7 R8d7 32.Ra8+ Ke7 33.Kg2 h6 34.Rc5 e5 35.Raxa5 Rxc5 36.dxc5 e4
37.Nh4 Nxh4+ 38.gxh4 Ke6 39.c6 Rc7 40.Ra6 Kd6 41.Kg3 Kc5 42.Kf4 Kb5 43.Ra3 Rxc6
44.Kxe4 Rc4+ 45.Kf3 Rxh4 46.Kg3 Rh5 47.h4 Rf5 48.f4 g6 49.Kg4 h5+ 50.Kg3 Kb4
51.Ra7 Kb5  1/2-1/2

[Event "SVK-ch"]
[Site "Prievidza"]
[Date "1998.07.02"]
[Round "6.47"]
[White "Kviatkovska, Zuzana"]
[Black "Cvicela, Anton"]
[Result "0-1"]
[WhiteElo "1863"]
[BlackElo "2120"]

1.e4 c5 2.c3 Nf6 3.e5 Nd5 4.Bc4 e6 5.Nf3 Nc6 6.O-O d6 7.d4 cxd4 8.cxd4 Be7
9.Nbd2 a6 10.Bb3 b5 11.exd6 Qxd6 12.Ne4 Qd8 13.Ne5 Bb7 14.Qh5 g6 15.Qf3 f5
16.Nxc6 Bxc6 17.Nc5 Bxc5 18.dxc5 Kf7 19.Qg3 Rc8 20.Bg5 Qc7 21.Qxc7+ Rxc7
22.Rfe1 Bb7 23.Be3 a5 24.Bd4 Rd8 25.Rac1 a4 26.Be5 axb3 27.Bxc7 Nxc7 28.c6 Ba6
29.a3 Nd5 30.c7 Re8 31.Rc6 Bc8 32.Rec1 Ke7 33.R6c5 Kd7 34.Rxb5 Nxc7 35.Rxb3 Nd5
36.Rd3 Ba6 37.Rd2 Rb8 38.Rdc2 Rb3 39.Rd2 Kd6 40.f3 e5 41.Kf2 e4 42.Ke1 e3
43.Rdc2 Bd3 44.Rc6+ Ke5  0-1

[Event "SVK-ch"]
[Site "Prievidza"]
[Date "1998.07.02"]
[Round "6.11"]
[White "Detko, Jan"]
[Black "Lisko, Frantisek"]
[Result "1/2-1/2"]
[WhiteElo "2120"]
[BlackElo "2315"]

1.e4 c5 2.c3 Nf6 3.e5 Nd5 4.d4 cxd4 5.cxd4 d6 6.Nf3 Nc6 7.Bc4 Nb6 8.Bb5 a6
9.Bxc6+ bxc6 10.exd6 exd6 11.O-O Be7 12.Qc2 Bb7 13.Nc3 O-O 14.Bf4 a5 15.b3 h6
16.Rad1 Qd7 17.h3 Rfc8 18.Rfe1 Nd5 19.Nxd5 cxd5 20.Qe2 Bf6 21.Rc1 Re8 22.Qc2 Re4
23.Qc7 Qxc7 24.Rxc7 Rxf4 25.Rxb7 Bxd4 26.Nxd4  1/2-1/2

[Event "SVK-ch"]
[Site "Prievidza"]
[Date "1998.07.03"]
[Round "7.22"]
[White "Havlicek, Libor"]
[Black "Henc, Renata"]
[Result "0-1"]
[WhiteElo "2113"]
[BlackElo "2155"]

1.e4 c5 2.c3 Nf6 3.e5 Nd5 4.d4 cxd4 5.Qxd4 e6 6.Bc4 Nc6 7.Qe4 Nb6 8.Bd3 d6
9.exd6 Bxd6 10.f4 Nd7 11.Ne2 Nc5 12.Qf3 Nxd3+ 13.Qxd3 O-O 14.Be3 Nb4 15.Qe4 f5
16.Qxb4 Bxb4 17.cxb4 e5 18.Nbc3 exf4 19.Bxf4 Be6 20.Rd1 Qh4+ 21.Bg3 Qg5 22.O-O Bc4
23.Bf4 Qe7 24.Rf2 Rad8 25.Re1 Qxb4 26.Ng3 h6 27.h4 Rd4 28.Be5 Rxh4 29.Nxf5 Qc5
30.Bg3 Rg4 31.Bd6 Qxf2+ 32.Kxf2 Rxf5+ 33.Kg1 Rfg5 34.g3 Rd4 35.Re8+ Kh7 36.Be5 Rd2
37.Ne4 Rd1+ 38.Kf2 Rf5+ 39.Bf4 Rh5 40.g4 Rf1+ 41.Kg3 Rhh1 42.g5 Rhg1+ 43.Kh2 Rg4
44.Bg3 Bd5 45.Nf2 Rxf2+  0-1

[Event "SVK-ch"]
[Site "Prievidza"]
[Date "1998.07.03"]
[Round "7.53"]
[White "Kviatkovska, Zuzana"]
[Black "Vacek, Ondrej"]
[Result "1/2-1/2"]
[WhiteElo "1863"]
[BlackElo "1959"]

1.e4 c5 2.c3 Nf6 3.e5 Nd5 4.Bc4 Nb6 5.Bb3 d5 6.exd6 Qxd6 7.d4 c4 8.Bc2 g6
9.Nf3 Bg7 10.O-O O-O 11.Re1 N8d7 12.Bg5 Nf6 13.Nbd2 Be6 14.Ne4 Nxe4 15.Bxe4 Qc7
16.Qc1 Rfe8 17.Bf4 Qc8 18.Bh6 Bf5 19.Bxg7 Kxg7 20.Qf4 Bxe4 21.Qxe4 f6 22.Re3 Qd7
23.Qe6 Qb5 24.Rb1 Rad8 25.Qe4 Nd5 26.Re2 Qa6 27.Ra1 Rd6 28.g3 b5 29.Ree1 Qb6
30.Qc2 Qc6 31.Nd2 f5 32.Nf3  1/2-1/2

[Event "Politiken Cup"]
[Site "Copenhagen"]
[Date "1998.07.13"]
[Round "9"]
[White "Schmitz, Andreas"]
[Black "Ward, Christopher"]
[Result "0-1"]
[WhiteElo "2115"]
[BlackElo "2480"]

1.e4 c5 2.c3 Nf6 3.e5 Nd5 4.d4 cxd4 5.cxd4 d6 6.Nf3 e6 7.Bd2 Bd7 8.Nc3 Bc6
9.Bb5 Nxc3 10.Bxc6+ Nxc6 11.Bxc3 d5 12.O-O Be7 13.Ne1 b5 14.b3 Qb6 15.f4 f5
16.Nf3 O-O 17.Be1 Rac8 18.Kh1 Rc7 19.Bf2 Nb4 20.Ne1 Rfc8 21.g4 fxg4 22.Qxg4 Rf8
23.Be3 Rf5 24.Rg1 g6 25.a3 Nc2 26.Nxc2 Rxc2 27.b4 Qc6 28.Rac1 Qc3 29.Qd1 Rxc1
30.Qxc1 Qd3 31.Rg3 Rh5 32.Qg1 Kf7 33.Bc1 Qe4+ 34.Rg2 Rh3 35.Bd2 Rxa3 36.Qc1 Rb3
37.Qc8 Rb1+ 38.Bc1 Qe3 39.Rc2 Qe1+ 40.Kg2 Qe4+ 41.Kg1 Qxd4+ 42.Kg2 Qe4+ 43.Kg1 Rxb4
44.Rc7 Qe1+ 45.Kg2 Rc4 46.Rxe7+ Kxe7 47.Qb7+ Kf8 48.Qd7 Qe2+  0-1

[Event "San Francisco Mechanics"]
[Site "San Francisco"]
[Date "1998.07.13"]
[Round "4"]
[White "Christiansen, Larry Mark"]
[Black "Hodgson, Julian M"]
[Result "0-1"]
[WhiteElo "2575"]
[BlackElo "2575"]

1.e4 c5 2.c3 Nf6 3.e5 Nd5 4.g3 d6 5.exd6 e6 6.Bg2 Bxd6 7.Nf3 Nc6 8.d4 cxd4
9.Nxd4 Nxd4 10.Qxd4 O-O 11.O-O Qc7 12.Rd1 Bd7 13.c4 Bc5 14.Qd3 Nf6 15.Nc3 Bc6
16.Qe2 Bxg2 17.Kxg2 Bb4 18.Nb5 Qc6+ 19.f3 b6 20.Bd2 Be7 21.Bc3 Rfc8 22.b3 a6
23.Nd4 Qb7 24.a4 Bf8 25.Ra2 Re8 26.Rad2 Rac8 27.Nc2 e5 28.Bb2 Bc5 29.h3 h5
30.Ne3 b5 31.axb5 axb5 32.Nf5 bxc4 33.bxc4 Bb4 34.Nd6 Bxd6 35.Rxd6 e4 36.f4 e3+
37.Kh2 Ne4 38.Rd7 Qc6 39.Qxh5 Qxc4 40.h4 Qa2 41.Kg1 Nxg3 42.Qg4 Qxb2 43.Qxg3 Rc1
44.Qe1 Rxd1 45.Rxd1 e2 46.Rd3 Qc2 47.Rg3 Qd1 48.Kf2 Qd4+ 49.Kg2 Qxf4 50.h5 Re5  0-1

[Event "RUS-Cup07"]
[Site "Tomsk"]
[Date "1998.07.17"]
[Round "3"]
[White "Smirnov, Pavel"]
[Black "Landa, Konstantin"]
[Result "0-1"]
[WhiteElo "2365"]
[BlackElo "2505"]

1.e4 c5 2.c3 Nf6 3.e5 Nd5 4.d4 cxd4 5.Nf3 e6 6.cxd4 d6 7.Bc4 Nb6 8.Bb3 dxe5
9.Nxe5 Nc6 10.Nxc6 bxc6 11.O-O Be7 12.Nc3 O-O 13.Bf4 Ba6 14.Re1 Nd5 15.Be5 Qd7
16.Na4 f6 17.Bg3 Bb4 18.Nc5 Bxc5 19.dxc5 e5 20.f4 Rae8 21.fxe5 fxe5 22.Bxe5 Rf5
23.Bd6 Rxe1+ 24.Qxe1 Rf1+ 25.Qxf1 Bxf1 26.Rxf1 g5 27.Bxd5+ cxd5 28.Rd1 Qe6
29.Bg3 Qe2 30.Rxd5 Qe3+ 31.Kf1 Qc1+ 32.Kf2 Qxb2+ 33.Ke3 Kf7 34.Rd7+ Ke8 35.Rc7 Qxa2
36.c6 Qd5 37.Rc8+ Kf7 38.Rc7+ Ke8 39.Rc8+ Kf7 40.Rc7+ Ke6 41.Rxh7 Qb3+  0-1

[Event "Smith & Williamson"]
[Site "Witley"]
[Date "1998.07.21"]
[Round "3"]
[White "Garner, David"]
[Black "Longson, Alex"]
[Result "1/2-1/2"]
[WhiteElo "2090"]
[BlackElo "2135"]

1.e4 c5 2.c3 Nf6 3.e5 Nd5 4.Nf3 Nc6 5.Bc4 Nb6 6.Be2 d5 7.exd6 e6 8.d4 cxd4
9.cxd4 Bxd6 10.Nc3 O-O 11.O-O e5 12.Be3 exd4 13.Nxd4 Nxd4 14.Qxd4 Qe7 15.Rad1 Rd8
16.Qe4 Be6 17.Bd4 Rac8 18.Rfe1 Qg5 19.g3 Nd5 20.h4 Nxc3 21.Bxc3 Qg6 22.Qxg6 hxg6
23.Bf3 b6 24.a3 Kf8 25.Rd2 Bb3 26.Bd5 Bxd5 27.Rxd5 Bc5 28.Rxd8+ Rxd8 29.Kf1 Rd7
30.Re4 f6 31.Ke2 Kf7 32.b4  1/2-1/2

[Event "Smith & Williamson"]
[Site "Witley"]
[Date "1998.07.21"]
[Round "4"]
[White "Davies, Paul S"]
[Black "Largevsky, Joanna"]
[Result "0-1"]
[WhiteElo "2055"]
[BlackElo "2039"]

1.e4 c5 2.c3 Nf6 3.e5 Nd5 4.d4 cxd4 5.Nf3 e6 6.cxd4 b6 7.Bd3 Bb7 8.O-O Qc7
9.Bd2 d6 10.Nc3 Nxc3 11.Bxc3 Nd7 12.Qe2 dxe5 13.dxe5 Be7 14.Be4 O-O 15.Rac1 Nc5
16.Bxb7 Qxb7 17.Rfd1 Rfd8 18.Rxd8+ Rxd8 19.Rd1 Rxd1+ 20.Qxd1 Ne4 21.Bb4 Bxb4
22.Qa4 Bf8 23.Nd4 Qc7 24.h3 Qxe5 25.Nc6 Qf4 26.f3 Qe3+ 27.Kh2 Bd6+  0-1

[Event "Smith & Williamson"]
[Site "Witley"]
[Date "1998.07.22"]
[Round "5"]
[White "Garner, David"]
[Black "Largevsky, Joanna"]
[Result "1/2-1/2"]
[WhiteElo "2090"]
[BlackElo "2039"]

1.e4 c5 2.c3 Nf6 3.e5 Nd5 4.d4 cxd4 5.cxd4 e6 6.Nf3 b6 7.Nc3 Nxc3 8.bxc3 Qc7
9.Bd2 Bb7 10.Bd3 d6 11.O-O Nd7 12.Ng5 dxe5 13.f4 e4 14.Nxe4 Bxe4 15.Bxe4 Rc8
16.f5 e5 17.dxe5 Nxe5 18.Qh5 Nd7 19.Rae1 Be7 20.Bc2 Qc5+ 21.Be3 Qxc3 22.Ba4 Rd8
23.Bg5 O-O 24.Bxe7 Qd4+ 25.Kh1 Qxa4 26.Bxf8 Rxf8 27.Qd1 Qb5 28.Re7 Nf6 29.Rxa7 Ng4
30.Qf3 Ne5 31.Qf4 Nd3 32.Qg3 Nc5 33.Rc1 Nd3 34.f6 g6 35.Rf1 Ne5 36.Qf4 Ng4
37.Re7 Nh6 38.Re5 Qd3 39.Qf3 Qxf3 40.Rxf3 Ng4 41.Re4 Rd8 42.g3 h5 43.Re2 Rd6
44.Re8+ Kh7 45.Re7 Rd1+ 46.Kg2 Rd2+ 47.Kg1 Kg8 48.Re8+ Kh7 49.Rf8 Rd1+ 50.Rf1 Rd7
51.h3 Ne5 52.Re8 Nc6 53.Rc1 Rd6 54.Rf1 g5 55.h4 g4 56.Rf8 Ne5 57.Rf5 Nf3+
58.Kf2 Kg6 59.Rf4 Rd2+ 60.Ke3 Rxa2 61.Rg8+ Kh6 62.Rh8+ Kg6 63.Rg8+ Kh6  1/2-1/2

[Event "Smith & Williamson"]
[Site "Witley"]
[Date "1998.07.23"]
[Round "8"]
[White "Spence, David"]
[Black "Largevsky, Joanna"]
[Result "1-0"]
[WhiteElo "2070"]
[BlackElo "2039"]

1.e4 c5 2.c3 Nf6 3.e5 Nd5 4.d4 cxd4 5.Nf3 e6 6.cxd4 b6 7.Nc3 Nxc3 8.bxc3 Qc7
9.Bd2 Bb7 10.Bd3 d6 11.O-O Nd7 12.Re1 dxe5 13.Nxe5 Nxe5 14.Rxe5 Bd6 15.Rh5 g6
16.Rh3 Qc6 17.f3 O-O 18.Qe1 Be7 19.Qe3 f5 20.Re1 f4 21.Qe5 Qd5 22.Qc7 Qxa2
23.Re2 Qa1+ 24.Be1 Bd5 25.Qxe7 Rf7 26.Qh4 Qd1 27.Rd2 Qc1 28.Bxg6 Rg7 29.Bxh7+ Kf8
30.Qxf4+ Rf7 31.Qd6+ Re7 32.Re2  1-0

[Event "Saitek US Masters"]
[Site "Hawaii"]
[Date "1998.07.24"]
[Round "4"]
[White "Stevens, Lawrence"]
[Black "Paragua, Mark"]
[Result "0-1"]
[WhiteElo "2210"]
[BlackElo "2260"]

1.e4 c5 2.c3 Nf6 3.e5 Nd5 4.d4 cxd4 5.Nf3 Nc6 6.cxd4 d6 7.Bc4 Nb6 8.Bb5 d5
9.Nc3 a6 10.Be2 Bg4 11.h3 Bxf3 12.Bxf3 e6 13.O-O Be7 14.Be3 Nc4 15.b3 Nxe3
16.fxe3 Rc8 17.Ne2 Nb4 18.Rc1 Nxa2 19.Rxc8 Qxc8 20.e4 dxe4 21.Bxe4 Nb4 22.Nf4 Bg5
23.Qg4 Bxf4 24.Qxf4 O-O 25.Qd2 Nd5 26.Rc1 Qd7 27.Rc5 b6 28.Rc4 Ne7 29.Qc3 Rd8
30.Rc7 Qxd4+ 31.Qxd4 Rxd4 32.Bxh7+ Kxh7 33.Rxe7 Kg6 34.Kf2 Rb4 35.Ra7 a5  0-1

[Event "RUS-ch51"]
[Site "St Petersburg"]
[Date "1998.07.30"]
[Round "3"]
[White "Sveshnikov, Evgeny"]
[Black "Sakaev, Konstantin"]
[Result "1/2-1/2"]
[WhiteElo "2575"]
[BlackElo "2635"]

1.e4 c5 2.c3 Nf6 3.e5 Nd5 4.Nf3 Nc6 5.d4 cxd4 6.cxd4 d6 7.Bc4 Nb6 8.Bb5 dxe5
9.Nxe5 Bd7 10.Nxd7 Qxd7 11.Nc3 e6 12.Qg4 h5 13.Qf3 a6 14.Bxc6 Qxc6 15.Qxc6+ bxc6
16.Be3 Kd7 17.Ke2 Nd5 18.Rac1 Bd6 19.Na4 Rab8 20.Rc4 Nb6 21.Nxb6+ Rxb6 22.b3 Rb5
23.Rhc1 Rc8 24.h3 Rd5 25.Ra4 Ra8 26.Rcc4 Kc7 27.Bd2 Kb6 28.Bb4 Rd8 29.Bd2 Be7
30.Be3  1/2-1/2

[Event "BCF-ch"]
[Site "Torquay"]
[Date "1998.07.31"]
[Round "5"]
[White "Jackson, Sheila"]
[Black "Lewis, Andrew P"]
[Result "1-0"]
[WhiteElo "2150"]
[BlackElo "2290"]

1.e4 c5 2.c3 Nf6 3.e5 Nd5 4.d4 cxd4 5.Nf3 e6 6.cxd4 b6 7.a3 Be7 8.Nbd2 O-O
9.Ne4 f5 10.exf6 gxf6 11.Bh6 Rf7 12.Bd3 Bb7 13.O-O Na6 14.Rc1 Nac7 15.Re1 Kh8
16.Qd2 Bc6 17.Kh1 a5 18.Ng3 a4 19.Re4 Qg8 20.Rh4 b5 21.Nh5 Ne8 22.Rh3 Bd6
23.Nf4 Nxf4 24.Bxf4 Qg4 25.Bxd6 Nxd6 26.Rg3 Qh5 27.Rc5 Bd5 28.Qf4 Nb7 29.Rxb5 Rc8
30.Rh3 Qxh3 31.gxh3 Bc6 32.Rg5 Rcf8 33.Rh5 Nd6 34.d5 e5 35.Qe3 Bxd5 36.Be2 Bc6
37.Kg1 Rg8+ 38.Kf1 Rfg7 39.Ke1 e4 40.Nd4 f5 41.Nxc6 dxc6 42.Qd4  1-0

[Event "Stockholm op (Women)"]
[Site "Stockholm"]
[Date "1998.08.01"]
[Round "1"]
[White "Johnsen, Sylvia"]
[Black "Johansson, Victoria"]
[Result "0-1"]
[WhiteElo "2020"]
[BlackElo "2165"]

1.e4 c5 2.c3 Nf6 3.e5 Nd5 4.d4 cxd4 5.Nf3 e6 6.Qxd4 Nc6 7.Qe4 d6 8.exd6 Bxd6
9.Bd3 Nf6 10.Qe2 h6 11.O-O O-O 12.Nbd2 Bc7 13.Nc4 b5 14.Ne3 a6 15.Re1 Bb7
16.Nf1 Qe7 17.Qc2 Rfd8 18.Be3 Rac8 19.Qe2 Nd5 20.Rad1 Bd6 21.Bc1 Nf6 22.Ne3 Qc7
23.Bb1 Ne7 24.Nf1 Rd7 25.a3 Rcd8 26.Nd4 Bd5 27.Ng3 Qb7 28.f3 Qc7 29.Qf2 Bc4
30.Kh1 Bc5 31.f4 Qb6 32.Qc2 Ng4 33.b3 Bd5 34.Re2 Nf6 35.Nf3 Bxf3 36.gxf3 Rxd1+
37.Kg2 Rg1+  0-1

[Event "RUS-ch51"]
[Site "St Petersburg"]
[Date "1998.08.04"]
[Round "8"]
[White "Voitsekhovsky, Stanislav"]
[Black "Filippov, Valerij"]
[Result "1-0"]
[WhiteElo "2545"]
[BlackElo "2595"]

1.e4 c5 2.c3 Nf6 3.e5 Nd5 4.d4 cxd4 5.cxd4 d6 6.Nf3 Nc6 7.Nc3 dxe5 8.dxe5 Be6
9.Qa4 Nb4 10.Bb5 a6 11.Qxb4 axb5 12.Qxb5 Qa5 13.Qxb7 Nxe5 14.O-O Nxf3+ 15.Qxf3 Rc8
16.Be3 Bc4 17.Rfc1 e6 18.Qg3 f6 19.b3 Ba6 20.Na4 Kf7 21.Rxc8 Bxc8 22.Nb6 Be7
23.Qc7 Ba6 24.Qa7 Rd8 25.h3 Ke8 26.Nc4 Qb5 27.Bb6 Rc8 28.Re1 e5 29.Rc1 Qd5
30.Qxa6 Ra8 31.Ne3  1-0

[Event "MK Cafe Cup-A"]
[Site "Koszalin"]
[Date "1998.08.05"]
[Round "3"]
[White "Rozentalis, Eduardas"]
[Black "Maksimenko, Andrei"]
[Result "1/2-1/2"]
[WhiteElo "2575"]
[BlackElo "2500"]

1.e4 c5 2.c3 Nf6 3.e5 Nd5 4.Nf3 e6 5.Bc4 d6 6.O-O Nc6 7.d4 cxd4 8.cxd4 Be7
9.Qe2 O-O 10.Rd1 Re8 11.Nc3 Nxc3 12.bxc3 dxe5 13.dxe5 Qc7 14.h4 b6 15.Bf4 Bb7
16.Ng5 Bxg5 17.hxg5 Red8 18.Rd6 Ne7 19.Bd3 Nd5 20.Bg3 Qxc3 21.Rd1 Qc7 22.Kh2 g6
23.Qg4 Rac8 24.Qh4  1/2-1/2

[Event "North Bay op"]
[Site "North Bay"]
[Date "1998.08.05"]
[Round "2"]
[White "Johnstone, Glenn"]
[Black "Gamback, Bjorn"]
[Result "1/2-1/2"]
[WhiteElo "2265"]
[BlackElo "2215"]

1.e4 c5 2.c3 Nf6 3.e5 Nd5 4.Nf3 e6 5.d4 cxd4 6.cxd4 b6 7.Nc3 Nxc3 8.bxc3 Qc7
9.Bd2 d6 10.Bd3 Nd7 11.exd6 Bxd6 12.O-O O-O 13.h3 Bb7 14.Rc1 Rac8 15.Re1 Bf4
16.Bxf4 Qxf4 17.Ne5 Nxe5 18.Rxe5 Rfd8 19.Rc2 Rd5 20.Rxd5 Bxd5 21.Qe2 Bc6
22.Qe3 Qd6 23.c4 Rd8  1/2-1/2

[Event "Eikrem mem"]
[Site "Gausdal"]
[Date "1998.08.06"]
[Round "6"]
[White "Ferkingstad, Sjur"]
[Black "Lomo, Markus"]
[Result "0-1"]
[WhiteElo "2075"]
[BlackElo "2020"]

1.e4 c5 2.c3 Nf6 3.e5 Nd5 4.d4 cxd4 5.cxd4 e6 6.Nc3 Nxc3 7.bxc3 d6 8.Nf3 Qa5
9.Bd2 Nc6 10.exd6 Bxd6 11.Bd3 Qc7 12.O-O Ne7 13.Re1 Ng6 14.Bb5+ Bd7 15.Qa4 Bxb5
16.Qxb5+ Qd7 17.Rab1 Qxb5 18.Rxb5 O-O-O 19.Ng5 Rd7 20.Ne4 Be7 21.Reb1 Rhd8
22.f3 Rc7 23.Be1 Rd5 24.R5b3 Ra5 25.c4 Rxa2 26.Bg3 Rd7 27.c5 Ra6 28.Nc3 e5
29.Nb5 Kd8 30.Nxa7 Rxd4 31.c6 bxc6 32.Rb8+ Kd7 33.Bf2 Rxa7 34.Bxd4 exd4 35.Kf1 Nf4
36.R8b7+ Rxb7 37.Rxb7+ Kd6 38.g3 Nd5 39.Ke2 f5 40.Kd3 Bf6 41.f4 Ne3 42.Ra7 c5
43.Rd7+ Kxd7  0-1

[Event "Cardoza US op"]
[Site "Kona"]
[Date "1998.08.06"]
[Round "6"]
[White "Stevens, Lawrence"]
[Black "Paragua, Mark"]
[Result "1-0"]
[WhiteElo "2210"]
[BlackElo "2260"]

1.e4 c5 2.c3 Nf6 3.e5 Nd5 4.d4 cxd4 5.Nf3 Nc6 6.cxd4 d6 7.Bc4 Nb6 8.Bb5 dxe5
9.Nxe5 Bd7 10.Bxc6 Bxc6 11.Nxc6 bxc6 12.Nc3 g6 13.Qf3 Rc8 14.Be3 Bg7 15.O-O O-O
16.Rfd1 e6 17.Rac1 Qe7 18.Ne4 f5 19.Nc5 Nd5 20.Bf4 Nxf4 21.Qxf4 Rfd8 22.Qe3 Rd6
23.Qb3 Kh8 24.Qb4 Rd5 25.Nd3 Qd7 26.Nc5 Qf7 27.Nb3 f4 28.Qa4 f3 29.Rxc6 Rf8
30.Qc4 Qf5 31.Rc8 Qg4 32.Rxf8+ Bxf8 33.g3 h5 34.Re1 h4 35.Qc8 Rf5 36.Qc4 hxg3
37.hxg3 Bg7 38.Rxe6 Rh5 39.Qc8+ Kh7 40.Re8 Rf5 41.Qc4 Qh3 42.Qg8+  1-0

[Event "North Bay op"]
[Site "North Bay"]
[Date "1998.08.07"]
[Round "6"]
[White "Saint Amand, Paul"]
[Black "Gamback, Bjorn"]
[Result "1/2-1/2"]
[WhiteElo "2220"]
[BlackElo "2215"]

1.e4 c5 2.c3 Nf6 3.e5 Nd5 4.d4 cxd4 5.cxd4 e6 6.Nf3 b6 7.Bg5 Bb4+ 8.Nbd2 f6
9.exf6 Nxf6 10.Bd3 Ba6 11.Bxa6 Nxa6 12.Qa4 Qc8 13.O-O O-O 14.Rac1 Qb7 15.a3 b5
16.Qb3  1/2-1/2

[Event "Cardoza US op"]
[Site "Kona"]
[Date "1998.08.08"]
[Round "8"]
[White "De Guzman, Ricardo"]
[Black "Mont Reynaud, Jordy"]
[Result "0-1"]
[WhiteElo "2400"]
[BlackElo "2125"]

1.e4 c5 2.c3 Nf6 3.e5 Nd5 4.d4 cxd4 5.Nf3 e6 6.cxd4 b6 7.Bd3 Bb7 8.a3 d6
9.O-O Nd7 10.Re1 Qc7 11.Bg5 h6 12.Bh4 Nf4 13.Nc3 g5 14.Bg3 dxe5 15.Rc1 Rc8
16.Bb5 a6 17.Bxd7+ Qxd7 18.Nxe5 Qd8 19.Bxf4 gxf4 20.Qh5 Rc7 21.d5 Qg5 22.Qh3 Bg7
23.d6 Rxc3 24.Rxc3 Bxe5 25.Rc7 Bd5 26.Re7+ Kf8 27.g3 Bxd6 28.Rd7 Bc5 29.Rd1 Rg8
30.b4 fxg3 31.hxg3 Be7 32.Rc7 h5 33.Rc8+ Kg7 34.Rxg8+ Kxg8 35.Qf1 Qg4 36.Qd3 Qh3  0-1